| 000 | 00611nam a22001937a 4500 | ||
|---|---|---|---|
| 003 | 0 | ||
| 005 | 20240809160510.0 | ||
| 008 | 240809b xxu||||| |||| 00| 0 eng d | ||
| 020 | _a979-8-89161-003-3 | ||
| 050 |
_aG 155 _b.D86 2024 |
||
| 100 | _aDuncan, Charles | ||
| 245 |
_aTourism product development _cCharles Duncan |
||
| 260 |
_aJersey City, USA _bAlexis Press, LLC _c2024 |
||
| 300 |
_aviii, 299 pages : _bcolored illustrations and pictures ; _c27cm. |
||
| 504 | _aIncludes bibliographical references and index. | ||
| 650 | _aTourism product. | ||
| 650 | _aTourism development. | ||
| 942 |
_2lcc _cBK |
||
| 999 |
_c366079 _d366079 |
||